Atari 2600 Games A to Z - Statistics

General Stats
  • This quiz has been taken 95 times
  • The average score is 7 of 26
Answer Stats
Hint Answer % Correct
P Pacman
72%
A Asteroids
70%
S Space Invaders
53%
Q Q Bert
50%
F Frogger
45%
Y Yars Revenge
43%
C Centipede
38%
M Missile Command
37%
D Defender
35%
B Berzerk
32%
Z Zaxxon
32%
G Galaxian
27%
J Joust
27%
R River Raid
23%
V Vanguard
22%
O Outlaw
17%
W Warlords
17%
H Haunted House
15%
K Kangaroo
15%
T Tapper
13%
N Night Driver
8%
I Indy 500
5%
L Laser Blast
5%
X Xenophobe
5%
E Enduro
3%
U Universal Chaos
2%
No matching quizzes found
Score Distribution
Percent of People with Each Score
Percentile by Number Answered
Your Score History
You have not taken this quiz